000 00797nam a2200205 u 4500
001 000002487
005 20250621074004.0
008 090702s1981 dr r 000 0 spa d
040 _aDO-SdBNP
_bspa
_cBNPHU
082 _a361.61097293
_bM516o
100 1 _a Mejía-Ricart G., Marcio,
_d1933-
_q(Mejía-Ricart Guzmán), |
_98411
245 1 0 _aObjetivos fundamentales del gobierno, 1982-1986 :
_bpre-programa de gobierno /
_cMarcio Mejia-Ricart G.
260 _aSanto Domingo :
_bAlfa & Omega,
_c1981.
300 _a316p. ;
_c18 cm.
590 _aInventariado, 2018/ YL
651 4 _aRepública Dominicana
_xPolítica Económica
_9643
651 4 _aRepública Dominicana
_xPolítica Social
_92627
651 0 _aRepública Dominicana
_xPolítica y gobierno
_945
910 _aValidado. Control de calidad MFF
999 _c2323
_d2323